kku e-library facility

Cyber Crime (Record no. 116)

MARC details
000 -LEADER
fixed length control field 00368nam a22001337a 4500
005 - DATE AND TIME OF LATEST TRANSACTION
control field 20260114130540.0
008 - FIXED-LENGTH DATA ELEMENTS--GENERAL INFORMATION
fixed length control field 260114b |||||||| |||| 00| 0 eng d
020 ## - INTERNATIONAL STANDARD BOOK NUMBER
International Standard Book Number 9789352691258
100 ## - MAIN ENTRY--PERSONAL NAME
Personal name Jakhar Manoj
Dates associated with a name 2019
245 ## - TITLE STATEMENT
Title Cyber Crime
Remainder of title An Introduction
Statement of responsibility, etc. / Manoj Jakhar
260 ## - PUBLICATION, DISTRIBUTION, ETC.
Place of publication, distribution, etc. New Delhi
Name of publisher, distributor, etc. Random Publication
Date of publication, distribution, etc. 2019
300 ## - PHYSICAL DESCRIPTION
Extent 246 pgs
Dimensions 24cm
942 ## - ADDED ENTRY ELEMENTS (KOHA)
Source of classification or shelving scheme Dewey Decimal Classification
Koha item type Books
Suppress in OPAC No

No items available.

©2025 All rights reserved. KKU